| 000 | 00795cam a2200265 4500 | ||
|---|---|---|---|
| 008 | 090401t1995 xxu||||| |||| 00| 0 eng d | ||
| 020 | _a0102417954 | ||
| 035 | _a(Sirsi) u30808 | ||
| 041 | _aeng | ||
| 050 | _a350.713 | ||
| 110 |
_aUnited Kingdom _bNational Audit Office _91350 |
||
| 245 | _aReport by the Comptroller and Auditor General: Ministry of Defence: management of the capital works programme ... May 1995. | ||
| 260 |
_aLondon _bHMSO _c1995 |
||
| 300 | _a70p. : ill. ; 30cm. | ||
| 350 | _a10.75 | ||
| 490 |
_aHCP _v417 |
||
| 650 | _aCAPITAL WORKS PROGRAMME | ||
| 650 | _aDEFENCE ESTATE | ||
| 650 | _aDEFENCE WORKS SERVICES | ||
| 650 | _aESTATE MANAGEMENT | ||
| 650 | _aMINISTRY OF DEFENCE | ||
| 690 | _aPROPERTY LAW AND PRACTICE | ||
| 942 | _n0 | ||
| 948 | _c04/03/1997 | ||
| 999 |
_c89512 _d89512 |
||